000 01280naa a22003377a 4500
001 BR9402140
003 BR-BrBNA
005 20240918181005.0
007 ta
008 230509b bl.||||| |||| 00| 0 por d
040 _aBR-BrBNA
_bpor
_cBiblioteca Nacional de Agricultura
041 _a(Pt)
072 _aE16
_b2480
090 _aE16 BR9402140
100 1 _aNeves, E.M.
100 1 _aAlmeida, A. de
100 1 _aAzevedo Filho, A.J.B.V.
100 1 _aTakitane, I.C.
111 1 _a28. Congresso Brasileiro de Economia e Sociologia Rural
_cFlorianopolis, SC (Brazil)
_d22-27 Jul 1990
245 1 _aBorracha cultivada no Brasil: analise de rentabilidade em condicoes de risco para regioes do Estado de Sao Paulo e Triangulo Mineiro - MG
260 3 _aBrasilia, DF (Brasil):
_c1990.
500 _aAnais do 28. Congresso Brasileiro de Economia e Sociologia Rural Brasilia, DF (Brasil): 1990. v. 1 p. 131-147 (BR9402140-AM)E16
650 _aSeringueira
650 _aBorracha
650 _aRentabilidade
650 _aSao Paulo
650 _aMinas Gerais
773 0 _tAnais do 28. Congresso Brasileiro de Economia e Sociologia Rural
_wE16 BR9402140
_gBrasilia, DF (Brasil), 1990. v. 1 p. 131-147
909 _a202404
_bLucia
_c55
_dLucia Elande
942 _cAM
_2AGRIS
999 _c323053
_d323053